Türkiye'de iletişim araştırmaları (Record no. 1257)

MARC details
000 -BAŞLIK
Sabit Uzunlukta Kontrol Alanı 00790na a2200229 4500
001 - KONTROL NUMARASI
Denetim Alanı 20069
003 - KONTROL NUMARASI IDENTIFIER
Denetim Alanı MIRAKIL
005 - SON İŞLEM TARİHİ VE ZAMANI
Denetim Alanı 20181213154816.0
008 - SABİT-BOY VERİ ELEMANLARI - GENEL BİLGİLER
Sabit Uzunlukta Kontrol Alanı 170103b tu 000 0
040 ## - KATALOGLAMA KAYNAK
Orijinal Kataloglama Ajansı Milas
Kataloglama Dili tur
Metne Dönüştürmek Ajansı TR-AnCHP
041 ## - DİL KODU
Metin / Ses Parça Veya Ayrı Başlığın Dil Kodu tur
082 ## - DEWEY ONLU SINIFLANDIRMA NUMARASI
Sınıflandırma Numarası 302.209561
Ürün Numarası T96 2005
090 ## - SINIFLAMA NUMARASI
Sınıflama Numarası 302.209561 T96 2005
111 ## - ANA GİRİŞ - TOPLANTI ADI
Giriş Elemanı Olarak Toplantı Adı Veya Yargı Alanı Adı Türkiye'de İletişim Araştırmaları
Toplantının Yeri Ankara
Toplantı Veya Antlaşma İmzalandığı Tarihi 2005
245 ## - BAŞLIK TABLOSU
Başlık Türkiye'de iletişim araştırmaları
Başlığın Kalan Bildiri özetleri
Sorumluluk Tablosu, Vb Ankara Üniversitesi İletişim Fakültesi
260 ## - YAYIN, DAĞITIM, VB
Yayın, Dağıtım, Vb Yeri Ankara
Yayıncı, Dağıtıcı, Vs Adı Ankara Üniversitesi İletişim Fakültesi
Yayın, Dağıtım, Vb Tarihi 2005
300 ## - FİZİKSEL TANIM
Kapsam 15 s.
Boyutlar 30x15 sm.
650 ## - KONU KATMA GİRİŞ - TOPİKAL DÖNEM
Topikal Süreli Veya Coğrafi Ad Giriş Elemanı İletişim araştırmaları
Genel Alt Bölümü Toplantılar
Coğrafi Alt Bölümü Türkiye
650 ## - KONU KATMA GİRİŞ - TOPİKAL DÖNEM
Topikal Süreli Veya Coğrafi Ad Giriş Elemanı İletişim
Genel Alt Bölümü Toplantılar
710 ## - KATMA GİRİŞ - KURUMSAL ADI
Giriş Elemanı Olarak Kurumsal Ad Veya Yargı Alanı Adı Ankara Üniversitesi İletişim Fakültesi
942 ## - EKLENDİ GİRİŞ ELEMANLARI (KOHA)
Sınıflandırma Veya Raf Düzeni Kaynak
Koha Öğesi Türü Books
999 ## - SİSTEM KONTROL NUMARALARI (KOHA)
Koha Biblionumber 1257
Koha Biblioitemnumber 1257
Holdings
Kalıcı Konum Mevcut Konum Edinme Tarihi Edinim Kaynak Toplam Check-Out'Lar Tam Çağrı Numarası Barkod Tarih Son Görülme İtibaren Geçerli Fiyatlar Koha Öğesi Türü
CHP Kütüphanesi CHP Kütüphanesi 01/03/2017 Bağış   302.209561 T96 2005 010436 01/03/2017 01/03/2017 Books